[Event "EU-ch U16 24th"]
[Site "Batumi"]
[Date "2014.10.22"]
[Round "4"]
[White "Petruli, Igor"]
[Black "Dolenjashvili, Giorgi"]
[Result "1/2-1/2"]
[WhiteElo "1827"]
[BlackElo "1640"]
[PlyCount "80"]
[EventDate "2014.10.19"]
[EventType "swiss"]
[EventRounds "9"]
[EventCountry "GEO"]
[SourceTitle "EXT 2015"]
[Source "ChessBase"]
[SourceDate "2014.11.20"]
[SourceVersion "1"]
[SourceVersionDate "2014.11.20"]
[SourceQuality "1"]

1. e4 Nf6 2. e5 Nd5 3. c4 Nb6 4. d4 d6 5. exd6 cxd6 6. h3 g6 7. Nf3 Bg7 8. Nc3 0-0 9. Be2 Nc6 10. 0-0 Bf5 11. a3 Rc8 12. g4 Bd7 13. Be3 Na5 14. b3 f5 15. gxf5 Bxf5 16. Kg2 e5 17. dxe5 dxe5 18. c5 e4 19. Nd4 Rxc5 20. Ncb5 Rd5 21. Rc1 a6 22. Nc7 Rxd4 23. Bxd4 Bxd4 24. Bg4 e3 25. Bxf5 Rxf5 26. fxe3 Qg5+ 27. Qg4 Bxe3 28. Rxf5 Qxg4+ 29. hxg4 gxf5 30. Rc3 f4 31. Kf3 Kf7 32. a4 Nc6 33. Ke4 Ne7 34. Rd3 Ng8 35. a5 Nc8 36. Rd7+ Kg6 37. Nd5 Nf6+ 38. Nxf6 Kxf6 39. Rxh7 Nd6+ 40. Kf3 Nf7 1/2-1/2

[Event "Varna op-B 8th"]
[Site "Varna"]
[Date "2014.06.25"]
[Round "7"]
[White "Petruli, Igor"]
[Black "Gochev, Plamen"]
[Result "0-1"]
[WhiteElo "1747"]
[BlackElo "1961"]
[PlyCount "79"]
[EventDate "2014.06.19"]
[EventType "swiss"]
[EventRounds "9"]
[EventCountry "BUL"]
[SourceTitle "CBM 161 Extra"]
[Source "ChessBase"]
[SourceDate "2014.08.29"]
[SourceVersion "1"]
[SourceVersionDate "2014.08.29"]
[SourceQuality "1"]

1. e4 e5 2. Nf3 Nc6 3. Bc4 d6 4. 0-0 Be7 5. h3 Nf6 6. Nc3 0-0 7. d4 Nd7 8. Nd5 Nb6 9. Nxb6 axb6 10. d5 Nb8 11. Nh2 f5 12. f4 Bf6 13. exf5 exf4 14. c3 Bxf5 15. Bxf4 Bg6 16. Nf3 Re8 17. Bb3 Nd7 18. Nd4 Ne5 19. Ne6 Qe7 20. Bxe5 Bxe5 21. Qg4 Bf6 22. Rae1 Qf7 23. Qc4 Qd7 24. Qxc7 Qxc7 25. Nxc7 Rxe1 26. Rxe1 Rc8 27. Nb5 Be5 28. Na3 Rf8 29. Re3 Bf4 30. Re6 Bf5 31. Re7 Bg5 32. Rxb7 h5 33. Bc2 Be3+ 34. Kh2 h4 35. Bxf5 Rxf5 36. Nc4 Bf4+ 37. Kg1 Bg3 38. Re7 Rxd5 39. Kf1 Rd1+ 40. Ke2 0-1

[Event "Kishinev op"]
[Site "Kishinev"]
[Date "2014.01.24"]
[Round "7"]
[White "Petruli, Igor"]
[Black "Popa, Gheorghe"]
[Result "1-0"]
[WhiteElo "1703"]
[BlackElo "1462"]
[PlyCount "129"]
[EventDate "2014.01.18"]
[EventType "swiss"]
[EventRounds "9"]
[EventCountry "MDA"]
[SourceTitle "EXT 2016"]
[Source "ChessBase"]
[SourceDate "2015.10.08"]
[SourceVersion "1"]
[SourceVersionDate "2015.10.08"]
[SourceQuality "1"]

1. e4 d6 2. d4 g6 3. Nc3 Bg7 4. f4 e6 5. Nf3 a6 6. Be3 b5 7. Qd2 Nf6 8. Bd3 Ng4 9. Bg1 0-0 10. h3 Nh6 11. Be3 f5 12. 0-0-0 Bb7 13. Ng5 Bc8 14. g4 Qe7 15. gxf5 exf5 16. h4 c6 17. h5 Ng4 18. hxg6 h6 19. Nh7 Re8 20. Bf2 b4 21. Nb1 Nxf2 22. Qxf2 fxe4 23. Be2 Bf5 24. Qg3 Qe6 25. Rhg1 Nd7 26. b3 Nf6 27. Nxf6+ Qxf6 28. c3 a5 29. Kc2 a4 30. bxa4 Rxa4 31. Bc4+ d5 32. Bb3 Rea8 33. Bxa4 Rxa4 34. Kb3 Ra7 35. cxb4 Qe7 36. Qc3 Rc7 37. Qc5 Qh4 38. Qd6 Rc8 39. Nc3 Qf2 40. Qe7 Rf8 41. Qc7 e3 42. Rc1 Bd3 43. Qxc6 Bc4+ 44. Ka3 e2 45. Rge1 Qe3 46. b5 Qxd4 47. Rc2 Qa7+ 48. Kb4 Qe7+ 49. Qc5 Qd7 50. Qc6 Qf5 51. Rcxe2 Bxe2 52. Rxe2 Qxf4+ 53. Kb3 d4 54. Qd5+ Kh8 55. Re4 Qd2 56. Na4 Rf3+ 57. Kc4 Rc3+ 58. Kb4 Rf3+ 59. Kc5 Rf8 60. Kb6 Qb4 61. Nc5 Rf6+ 62. Re6 Qe1 63. Rxf6 Bxf6 64. Qf7 Qe7 65. g7+ 1-0

[Event "Kishinev op"]
[Site "Kishinev"]
[Date "2014.01.23"]
[Round "6"]
[White "Morozov, Nichita"]
[Black "Petruli, Igor"]
[Result "1-0"]
[WhiteElo "2174"]
[BlackElo "1703"]
[PlyCount "71"]
[EventDate "2014.01.18"]
[EventType "swiss"]
[EventRounds "9"]
[EventCountry "MDA"]
[SourceTitle "EXT 2016"]
[Source "ChessBase"]
[SourceDate "2015.10.08"]
[SourceVersion "1"]
[SourceVersionDate "2015.10.08"]
[SourceQuality "1"]

1. d4 c5 2. d5 d6 3. c4 g6 4. Nf3 Bg7 5. e4 Nf6 6. Nc3 0-0 7. Bd3 Na6 8. 0-0 Nc7 9. h3 Bd7 10. Qe2 Rb8 11. Bf4 a6 12. e5 Nfe8 13. a4 dxe5 14. Nxe5 Nd6 15. Nxd7 Qxd7 16. a5 e6 17. Na4 Bd4 18. Nb6 Qd8 19. Be5 exd5 20. Bxd4 cxd4 21. c5 Nc8 22. b4 Nxb6 23. axb6 Ne6 24. f4 Re8 25. Qg4 h5 26. Qg3 Nf8 27. Rae1 Qf6 28. Re5 Rbd8 29. Rfe1 Rxe5 30. Rxe5 Kh8 31. Qg5 Qxg5 32. fxg5 Kg7 33. Bxa6 bxa6 34. c6 Nd7 35. Rxd5 Rc8 36. cxd7 1-0

[Event "Kishinev op"]
[Site "Kishinev"]
[Date "2014.01.22"]
[Round "5"]
[White "Petruli, Igor"]
[Black "Romcovici, Victor"]
[Result "0-1"]
[WhiteElo "1703"]
[BlackElo "2114"]
[PlyCount "94"]
[EventDate "2014.01.18"]
[EventType "swiss"]
[EventRounds "9"]
[EventCountry "MDA"]
[SourceTitle "EXT 2016"]
[Source "ChessBase"]
[SourceDate "2015.10.08"]
[SourceVersion "1"]
[SourceVersionDate "2015.10.08"]
[SourceQuality "1"]

1. e4 c5 2. Nc3 Nc6 3. g3 g6 4. Bg2 Bg7 5. d3 Rb8 6. Be3 b5 7. Qd2 b4 8. Nd1 d6 9. h4 h5 10. Nh3 Ne5 11. Ng5 Ng4 12. 0-0 Nxe3 13. fxe3 Nh6 14. Kh1 0-0 15. c3 a5 16. d4 e5 17. Nf2 f6 18. Nf3 Qe7 19. a3 bxc3 20. Qxc3 a4 21. dxc5 dxc5 22. Nd3 Ba6 23. Rfc1 Bxd3 24. Qxd3 Rxb2 25. Qc4+ Kh7 26. Qxa4 Ng4 27. Rc3 Rd8 28. Rac1 Rc8 29. Nh2 Nf2+ 30. Kg1 Qd6 31. Nf1 Rc7 32. Qc4 Qd7 33. R1c2 Rxc2 34. Rxc2 Ng4 35. a4 Bh6 36. Rd2 Bxe3+ 37. Nxe3 Qxd2 38. Nxg4 hxg4 39. Qe6 Qd1+ 40. Kh2 Kg7 41. a5 Qd7 42. Qc4 Qf7 43. Qe2 c4 44. a6 c3 45. Qd3 Qc4 46. Bf1 Qxd3 47. Bxd3 c2 0-1

[Event "Kishinev op"]
[Site "Kishinev"]
[Date "2014.01.21"]
[Round "4"]
[White "Bodlev, Evgheni"]
[Black "Petruli, Igor"]
[Result "0-1"]
[WhiteElo "1909"]
[BlackElo "1703"]
[PlyCount "108"]
[EventDate "2014.01.18"]
[EventType "swiss"]
[EventRounds "9"]
[EventCountry "MDA"]
[SourceTitle "EXT 2016"]
[Source "ChessBase"]
[SourceDate "2015.10.08"]
[SourceVersion "1"]
[SourceVersionDate "2015.10.08"]
[SourceQuality "1"]

1. Nf3 d5 2. d4 Nf6 3. c4 c6 4. cxd5 cxd5 5. Nc3 Nc6 6. Bf4 a6 7. Rc1 e6 8. e3 Nh5 9. Bg5 f6 10. Bh4 g5 11. Nxg5 Ng7 12. Nh3 b5 13. Bd3 Na5 14. 0-0 Nc4 15. Qe2 Bb7 16. Nf4 Be7 17. Nh5 Kf7 18. Nxg7 Kxg7 19. Qg4+ Kf7 20. Qh5+ Kg7 21. b3 Nd6 22. f4 f5 23. Bxe7 Qxe7 24. Rf3 Rac8 25. Rg3+ Kf8 26. Qd1 Ke8 27. a4 b4 28. Na2 a5 29. Rxc8+ Nxc8 30. Bb5+ Kd8 31. Nc1 Nd6 32. Bf1 Ne4 33. Rh3 Qc7 34. Nd3 Ba6 35. Ne5 Bxf1 36. Qxf1 h5 37. Qe1 Rh7 38. Rf3 Qc2 39. Rf1 Qxb3 40. Nc6+ Ke8 41. Qh4 Qxe3+ 42. Kh1 Kd7 43. Ne5+ Kc7 44. Nf3 b3 45. Ng5 Nxg5 46. fxg5 b2 47. g6 Rd7 48. Qg3+ f4 49. Qe1 Qxe1 50. Rxe1 Kd6 51. h3 Rc7 52. Rb1 Rc1+ 53. Kh2 Rxb1 54. g7 Rh1+ 0-1

[Event "Varna op 6th"]
[Site "Varna"]
[Date "2012.07.18"]
[Round "7"]
[White "Tachev, Kamen"]
[Black "Petruli, Igor"]
[Result "0-1"]
[WhiteElo "1682"]
[BlackElo "1604"]
[PlyCount "63"]
[EventDate "2012.07.11"]
[EventType "swiss"]
[EventRounds "9"]
[EventCountry "BUL"]
[SourceTitle "CBM 149 Extra"]
[Source "ChessBase"]
[SourceDate "2012.08.24"]
[SourceVersion "1"]
[SourceVersionDate "2012.08.24"]
[SourceQuality "1"]

1. g3 d5 2. d4 Nf6 3. Bg2 e6 4. Nf3 c5 5. c3 Nc6 6. 0-0 Bd7 7. Be3 Ng4 8. Bf4 Qb6 9. Qb3 Qxb3 10. axb3 cxd4 11. Nxd4 Nxd4 12. cxd4 Be7 13. h3 Nf6 14. Rc1 Bc6 15. Nc3 a6 16. Na4 Nd7 17. Rc2 0-0 18. Rac1 f6 19. Bd2 e5 20. Be3 e4 21. Bd2 f5 22. e3 g5 23. f3 Bd6 24. f4 gxf4 25. gxf4 Kh8 26. Kf2 Rg8 27. Rg1 Be7 28. Be1 Bb5 29. Re2 Bh4+ 30. Kf1 Bxe2+ 31. Kxe2 Bxe1 32. Kxe1 0-1

[Event "Varna op 6th"]
[Site "Varna"]
[Date "2012.07.17"]
[Round "6"]
[White "Ivanova, Simoneta"]
[Black "Petruli, Igor"]
[Result "1-0"]
[WhiteElo "1956"]
[BlackElo "1604"]
[PlyCount "39"]
[EventDate "2012.07.11"]
[EventType "swiss"]
[EventRounds "9"]
[EventCountry "BUL"]
[SourceTitle "CBM 149 Extra"]
[Source "ChessBase"]
[SourceDate "2012.08.24"]
[SourceVersion "1"]
[SourceVersionDate "2012.08.24"]
[SourceQuality "1"]

1. e4 e5 2. Nf3 Nc6 3. Nc3 Nf6 4. Bb5 Bc5 5. 0-0 0-0 6. Nxe5 Nxe5 7. d4 c6 8. dxe5 cxb5 9. exf6 Qxf6 10. Nxb5 b6 11. Nc7 Rb8 12. Nd5 Qh4 13. Qd3 f5 14. exf5 d6 15. f6 gxf6 16. g3 Qg4 17. b4 Bxb4 18. Qb3 Be6 19. Qxb4 Qf3 20. Nf4 1-0

[Event "Varna op 6th"]
[Site "Varna"]
[Date "2012.07.14"]
[Round "4"]
[White "Arnaudov, Petar"]
[Black "Petruli, Igor"]
[Result "1/2-1/2"]
[WhiteElo "2180"]
[BlackElo "1604"]
[PlyCount "40"]
[EventDate "2012.07.11"]
[EventType "swiss"]
[EventRounds "9"]
[EventCountry "BUL"]
[SourceTitle "CBM 149 Extra"]
[Source "ChessBase"]
[SourceDate "2012.08.24"]
[SourceVersion "1"]
[SourceVersionDate "2012.08.24"]
[SourceQuality "1"]

1. e4 e5 2. f4 exf4 3. Nc3 d5 4. Nxd5 Qh4+ 5. Ke2 Bg4+ 6. Nf3 Bd6 7. d4 Nf6 8. Nxf6+ Qxf6 9. Kf2 Nc6 10. Bb5 Bd7 11. Re1 0-0-0 12. c3 Qh6 13. Kg1 g5 14. e5 Nxe5 15. Nxe5 Bxb5 16. Qg4+ Bd7 17. Nxf7 Bxg4 18. Nxh6 Bh5 19. Nf5 Rhf8 20. Nxd6+ Rxd6 1/2-1/2

[Event "Varna op 6th"]
[Site "Varna"]
[Date "2012.07.11"]
[Round "1"]
[White "Petruli, Igor"]
[Black "Dereshki, Dario"]
[Result "0-1"]
[WhiteElo "1604"]
[BlackElo "1930"]
[PlyCount "82"]
[EventDate "2012.07.11"]
[EventType "swiss"]
[EventRounds "9"]
[EventCountry "BUL"]
[SourceTitle "CBM 149 Extra"]
[Source "ChessBase"]
[SourceDate "2012.08.24"]
[SourceVersion "1"]
[SourceVersionDate "2012.08.24"]
[SourceQuality "1"]

1. e4 c6 2. d4 d5 3. e5 Bf5 4. Nf3 e6 5. Be2 Ne7 6. 0-0 Nd7 7. c3 c5 8. Be3 Nc6 9. Bd3 Bg4 10. h3 Bh5 11. Be2 Rc8 12. Nbd2 Qb6 13. Qb3 Bg6 14. Qxb6 Nxb6 15. Nh4 Be7 16. Nxg6 hxg6 17. f4 cxd4 18. cxd4 Bb4 19. Nf3 a6 20. a3 Be7 21. b4 Na7 22. Rfc1 Kd7 23. Nd2 Na4 24. Nb3 b5 25. Nc5+ Nxc5 26. dxc5 Nc6 27. a4 Rb8 28. axb5 axb5 29. Ra6 f6 30. Bg4 Rhc8 31. Be2 fxe5 32. fxe5 g5 33. Rb6 Rxb6 34. cxb6 Nd4 35. Ra1 Nxe2+ 36. Kf2 d4 37. Ra7+ Kd8 38. Kxe2 dxe3 39. Ra5 Bxb4 40. Rxb5 Bd2 41. b7 Rb8 0-1